[Event "SVK-chT2B 0607"]
[Site "Slovakia"]
[Date "2006.10.15"]
[Round "2.3"]
[White "Fabian, Jaroslav"]
[Black "Veres, Andrej"]
[Result "1/2-1/2"]
[WhiteElo "2258"]
[BlackElo "2148"]
[PlyCount "21"]
[EventDate "2006.10.14"]
[EventType "team-tourn"]
[EventRounds "11"]
[EventCountry "SVK"]
[SourceTitle "EXT 2008"]
[Source "ChessBase"]
[SourceDate "2007.11.25"]
[SourceVersion "1"]
[SourceVersionDate "2007.11.25"]
[SourceQuality "1"]
[WhiteTeam "Tlmace"]
[BlackTeam "Partizanske"]
[WhiteTeamCountry "SVK"]
[BlackTeamCountry "SVK"]

1. d4 Nf6 2. c4 e6 3. Nc3 d5 4. Nf3 c6 5. e3 Bd6 6. Bd3 Nbd7 7. 0-0 0-0 8. e4 dxc4 9. Bxc4 e5 10. Bg5 Qe7 11. d5 1/2-1/2

[Event "SVK-chT2B 0607"]
[Site "Slovakia"]
[Date "2006.10.14"]
[Round "1.3"]
[White "Justus, Ivan"]
[Black "Fabian, Jaroslav"]
[Result "1/2-1/2"]
[WhiteElo "1989"]
[BlackElo "2258"]
[PlyCount "130"]
[EventDate "2006.10.14"]
[EventType "team-tourn"]
[EventRounds "11"]
[EventCountry "SVK"]
[SourceTitle "EXT 2008"]
[Source "ChessBase"]
[SourceDate "2007.11.25"]
[SourceVersion "1"]
[SourceVersionDate "2007.11.25"]
[SourceQuality "1"]
[WhiteTeam "Topolcany"]
[BlackTeam "Tlmace"]
[WhiteTeamCountry "SVK"]
[BlackTeamCountry "SVK"]

1. e4 c5 2. Nf3 d6 3. d4 cxd4 4. Nxd4 Nf6 5. Nc3 Nc6 6. f3 a6 7. Be3 e6 8. Qd2 Be7 9. 0-0-0 0-0 10. g4 Nxd4 11. Bxd4 b5 12. g5 Nd7 13. h4 b4 14. Na4 Ne5 15. Qe3 Qc7 16. Nb6 Rb8 17. f4 Nc6 18. Nc4 Nxd4 19. Qxd4 d5 20. exd5 exd5 21. Ne3 Bc5 22. Qd2 Qxf4 23. Nxd5 Qxd2+ 24. Rxd2 Re8 25. Bg2 a5 26. Nc7 Rf8 27. Re1 Bb7 28. Re5 Bb6 29. Nd5 Bxd5 30. Bxd5 Rbd8 31. c4 bxc3 32. bxc3 g6 33. h5 gxh5 34. Kc2 Rde8 35. Rf5 Bc7 36. Rdf2 Re7 37. Rf6 Kg7 38. Kd3 h4 39. R2f3 Bg3 40. R6f5 Re5 41. Rxf7+ Rxf7 42. Bxf7 Rxg5 43. Be6 Re5 44. Bh3 Rd5+ 45. Ke4 Rd2 46. Be6 Kg6 47. Ke3 Rd1 48. Bf5+ Kg5 49. Bh3 Re1+ 50. Kd2 Rh1 51. Be6 Bf4+ 52. Ke2 Rb1 53. Kd3 h5 54. c4 Re1 55. Bh3 Ra1 56. Rf2 Rh1 57. Rf3 Rh2 58. a3 Ra2 59. Kd4 Bc1 60. Rf5+ Kg6 61. Rxa5 Bxa3 62. Ke4 Ra1 63. Kf3 Rg1 64. Bg2 Bb4 65. Rb5 Be1 1/2-1/2

[Event "SVK-chT2B 0506"]
[Site "Slovakia"]
[Date "2006.03.11"]
[Round "10.2"]
[White "Fabian, Jaroslav"]
[Black "Riabov, Alexander"]
[Result "1/2-1/2"]
[WhiteElo "2213"]
[BlackElo "2145"]
[PlyCount "87"]
[EventDate "2005.10.22"]
[EventType "team-tourn"]
[EventRounds "11"]
[EventCountry "SVK"]
[SourceTitle "EXT 2008"]
[Source "ChessBase"]
[SourceDate "2007.11.25"]
[SourceVersion "1"]
[SourceVersionDate "2007.11.25"]
[SourceQuality "1"]

1. d4 g6 2. e4 Bg7 3. f4 d6 4. Nf3 c6 5. Nc3 Qb6 6. Bc4 Nh6 7. h3 d5 8. Bb3 dxe4 9. Nxe4 Nf5 10. c3 0-0 11. g4 Nd6 12. Qe2 a5 13. Nc5 Qc7 14. Bd2 b6 15. Nd3 Ba6 16. f5 Nd7 17. fxg6 hxg6 18. 0-0-0 c5 19. Bc2 cxd4 20. cxd4 Nb5 21. Bf4 Qc4 22. Kb1 Nxd4 23. Nxd4 Qxd4 24. Qe3 Bxd3 25. Qxd4 Bxc2+ 26. Kxc2 Bxd4 27. Rxd4 e5 28. Rxd7 exf4 29. Rd4 Rac8+ 30. Kb3 g5 31. h4 Rfe8 32. hxg5 Re3+ 33. Ka4 Rc2 34. b4 Rxa2+ 35. Kb5 Rb2 36. Rxf4 Rxb4+ 37. Rxb4 axb4 38. Kxb4 Re5 39. Rh5 Re6 40. Kc4 Kg7 41. Kd5 Kg6 42. Rh6+ Kxg5 43. Rxe6 fxe6+ 44. Kxe6 1/2-1/2

[Event "HUN-chT2 Charousek 0506"]
[Site "Hungary"]
[Date "2005.11.13"]
[Round "3"]
[White "Fabian, Jaroslav"]
[Black "Pasztor, Ferenc"]
[Result "1/2-1/2"]
[WhiteElo "2213"]
[BlackElo "2311"]
[PlyCount "99"]
[EventDate "2005.10.16"]
[EventType "team"]
[EventRounds "11"]
[EventCountry "HUN"]
[SourceTitle "EXT 2009"]
[Source "ChessBase"]
[SourceDate "2008.11.26"]
[SourceVersion "1"]
[SourceVersionDate "2008.11.26"]
[SourceQuality "1"]
[WhiteTeam "Pannonpower"]
[BlackTeam "Tapolca"]
[WhiteTeamCountry "HUN"]
[BlackTeamCountry "HUN"]

1. d4 Nf6 2. c4 e6 3. Nc3 Bb4 4. Nf3 Ne4 5. Qc2 Nxc3 6. bxc3 Be7 7. e4 d6 8. Bd3 Nd7 9. 0-0 e5 10. Be3 0-0 11. Nd2 Nf6 12. Be2 Ng4 13. Bxg4 Bxg4 14. Rab1 b6 15. c5 dxc5 16. d5 Be2 17. Rfe1 Ba6 18. a4 Qd7 19. c4 Bc8 20. a5 Qg4 21. f3 Qg6 22. Ra1 Bd7 23. Nb1 f5 24. Nc3 f4 25. Bc1 Rae8 26. Bb2 Qh5 27. Nb1 Rf6 28. Nd2 Ref8 29. axb6 axb6 30. Ra7 Bd8 31. Qc3 Rh6 32. Nf1 Re8 33. Ra8 Qg5 34. Re2 Rg6 35. Qd2 h5 36. Bc1 h4 37. Kh1 Kf7 38. Rf2 Qh5 39. Qc3 Rg5 40. Bb2 Qg6 41. Qd3 Qf6 42. Ra7 Qd6 43. Ra1 Be7 44. Qe2 Qg6 45. h3 Rh8 46. Nh2 Bd6 47. Ng4 Re8 48. Kh2 Qh5 49. Bc3 Qg6 50. Ra2 1/2-1/2